| 000 | 00918nam a2200253 a 4500 | ||
|---|---|---|---|
| 001 | BRCA_41 | ||
| 005 | 20190320202846.0 | ||
| 008 | 910823s1992 enka---##b---#000-0#eng-# | ||
| 020 | _a0415064821 | ||
| 020 | _a0415070260 | ||
| 040 |
_aDLC _cDLC _dDLC |
||
| 050 | 4 |
_aAM5 _b.C66 1991 |
|
| 245 | 1 | 0 |
_aForward Planning _ba handbook of business, corporate and development planning for museums and galleries _cedited by Timothy Ambrose and Sue Runyard. |
| 260 |
_aLondres ; Nueva York _bThe Conservation Unit of the Museums & Galleries Commission : Routledge _c1991 |
||
| 300 |
_axii, 171 p. _bil. _c24 cm. |
||
| 440 | 0 |
_aPatrimonio _9186 |
|
| 504 | _aBibliografía: p. 171 | ||
| 650 | 1 | 4 |
_aMuseos _vManuales _xAdministración _zAmérica Latina _9187 |
| 650 | 1 | 4 |
_aMuseos _vManuales _xFinanzas _9188 |
| 650 | 1 | 4 |
_aMuseos _vManuales _xPlaneación _9189 |
| 700 | 1 |
_aAmbrose, Tim _9190 |
|
| 700 | 1 |
_aRunyard, Sue _9191 |
|
| 942 |
_2lcc _cB |
||
| 999 |
_c41 _d41 |
||